Filipino sa iba't ibang disiplina/ (Record no. 9327)
[ view plain ]
| 000 -LEADER | |
|---|---|
| fixed length control field | 00692nam a2200193 4500 |
| 008 - FIXED-LENGTH DATA ELEMENTS--GENERAL INFORMATION | |
| fixed length control field | 180508b ||||| |||| 00| 0 eng d |
| 020 ## - INTERNATIONAL STANDARD BOOK NUMBER | |
| International Standard Book Number | 971-821000-8 (pbk.) |
| 082 ## - DEWEY DECIMAL CLASSIFICATION NUMBER | |
| Edition number | 1999 |
| Classification number | DFil 499.211 |
| Item number | Au7f |
| 100 ## - MAIN ENTRY--PERSONAL NAME | |
| 9 (RLIN) | 27733 |
| Personal name | Austero, Cecilia S. |
| 245 ## - TITLE STATEMENT | |
| Title | Filipino sa iba't ibang disiplina/ |
| Statement of responsibility, etc. | Cecilia S. Austero, Lolita T. Bandril, Imelda P. De Castro. |
| 260 ## - PUBLICATION, DISTRIBUTION, ETC. (IMPRINT) | |
| Place of publication, distribution, etc. | Valenzuela City : |
| Name of publisher, distributor, etc. | Mutya Publishing, |
| Date of publication, distribution, etc. | c1999. |
| 300 ## - PHYSICAL DESCRIPTION | |
| Extent | 265 pages ; |
| Dimensions | 26 cm. |
| 500 ## - GENERAL NOTE | |
| General note | Includes bibliographical references. |
| 650 #0 - SUBJECT ADDED ENTRY--TOPICAL TERM | |
| 9 (RLIN) | 27734 |
| Topical term or geographic name as entry element | Filipino language -- Study and teaching. |
| 700 ## - ADDED ENTRY--PERSONAL NAME | |
| 9 (RLIN) | 27735 |
| Personal name | Bandril, Lolita T. |
| 700 ## - ADDED ENTRY--PERSONAL NAME | |
| 9 (RLIN) | 27736 |
| Personal name | De Castro, Imelda P. |
| 365 ## - TRADE PRICE | |
| Price amount | 190 |
| Currency code | Php |
| 942 ## - ADDED ENTRY ELEMENTS (KOHA) | |
| Source of classification or shelving scheme | Dewey Decimal Classification |
| Koha item type | Filipiniana |
| Withdrawn status | Lost status | Source of classification or shelving scheme | Damaged status | Not for loan | Collection code | Home library | Current library | Source of acquisition | Total Checkouts | Full call number | Barcode | Date last seen | Copy number | Price effective from | Koha item type | Date acquired |
|---|---|---|---|---|---|---|---|---|---|---|---|---|---|---|---|---|
| Dewey Decimal Classification | Filipiniana | UM Digos College - LIC | UM Digos College - LIC | Purchased | DFil 499.211 Au7f 1999 | 14648 | 05/15/2025 | 2 | 05/08/2018 | Filipiniana | ||||||
| Dewey Decimal Classification | Filipiniana | UM Digos College - LIC | UM Digos College - LIC | purchased | DFil 499.211 Au7f/1999 | 14650 | 05/15/2025 | 4 | 02/04/2019 | Filipiniana | 02/04/2019 | |||||
| Dewey Decimal Classification | Filipiniana | UM Digos College - LIC | UM Digos College - LIC | purchased | DFil 499.211 Au7f/1999 | 14168 | 05/15/2025 | 1 | 02/04/2019 | Filipiniana | 02/04/2019 | |||||
| Dewey Decimal Classification | Filipiniana | UM Digos College - LIC | UM Digos College - LIC | purchased | DFil 499.211 Au7f/1999 | 14647 | 05/15/2025 | 1 | 02/04/2019 | Filipiniana | 02/04/2019 |
